Benelux-Städte - Bilderquiz - Statistiken

Allgemein
  • Dieses Quiz wurde 43 mal gespielt
  • Das Durchschnittsergebnis liegt bei 11 aus 20
Antwortstatistiken
Bildquiz Antwort % Korrekt
Amsterdam
100%
Brüssel
100%
Rotterdam
94%
Luxemburg
92%
Den Haag
86%
Antwerpen
75%
Brügge
75%
Gent
69%
Utrecht
64%
Lüttich
61%
Maastricht
50%
Eindhoven
44%
Groningen
44%
Venlo
36%
Charleroi
33%
Nijmegen
33%
Delft
28%
Löwen
28%
Namur
22%
's-Hertogenbosch
11%
Keine übereinstimmenden Quizze gefunden
Verteilung der Resultate
Anzahl Personen mit jedem Resultat
Perzentil nach korrekt beantworteten Fragen
Ihre Resultats-Entwicklung
Sie haben dieses Quiz noch nicht gespielt